Statistiken für Hauptstadt von Nordamerika auf einer Karte.

Klicken Sie hier um das Quiz zu spielen!

Allgemein

  • Dieses Quiz wurde 80 mal gespielt
  • Das Durchschnittsergebnis liegt bei 17 aus 23

Antworten auf der Karte

Die Antworten werden auf der Karte rot bzw. grün angezeigt, abhängig davon wie oft sie richtig erraten wurden.
 

Antwortstatistiken

Hauptstädt% Korrekt
Washington
100%
Ottawa
98%
Mexiko-Stadt
95%
Havanna
91%
Panama-Stadt
89%
Kingston
87%
Kingstown
87%
Guatemala-Stadt
84%
Santo Domingo
84%
San salvador
82%
Port au prince
80%
Nassau
78%
San José
78%
Managua
75%
Tegucigalpa
71%
Belmopan
69%
Port of Spain
64%
Bridgetown
56%
Roseau
56%
Saint George's
55%
Basseterre
49%
Saint Johns
49%
Castries
45%

Verteilung der Resultate

Perzentil nach korrekt beantworteten Fragen

Anzahl Personen mit jedem Resultat

Ihre Resultats-Entwicklung

Sie haben dieses Quiz noch nicht gespielt